000 00395nam a2200157Ia 4500
008 151213s9999 xx 000 0 und d
100 _aRaymond Murphy
245 _aIntermediate English grammar
_cRaymond Murphy
250 _a2nd
260 _bCambridge University
300 _a791 p.
650 _a English Language
650 _a English Language
700 _aRaymond Murphy
999 _c955
_d955